Zásady rozpočtového hospodárenia obce

Dokončenie príspevku z predchádzajúceho čísla. Rozpočtové hospodárenie obce v priebehu rozpočtového roka.

Na minha lista:
Detalhes bibliográficos
Autor principal: Veverková, Ingrid
Formato: Capítulo de Livro
Idioma:eslovaco
Assuntos:
Tags: Adicionar Tag
Sem tags, seja o primeiro a adicionar uma tag!

MARC

LEADER 00000naa a2200000 4500
001 0118675
005 20231127105418.2
041 0 |a slo 
044 |a SK 
245 1 0 |a Zásady rozpočtového hospodárenia obce  |c Ingrid Veverková 
520 |a Dokončenie príspevku z predchádzajúceho čísla. Rozpočtové hospodárenie obce v priebehu rozpočtového roka. 
610 2 0 |a rozpočtovanie 
610 2 0 |a obce 
610 2 0 |a hospodárenie finančné 
610 2 0 |a Slovensko 
610 2 0 |a financie verejné 
610 2 0 |a správa verejná 
100 1 |a Veverková, Ingrid